Environmental modelling : finding simplicity in complexity

Αποθηκεύτηκε σε:
Λεπτομέρειες βιβλιογραφικής εγγραφής
Άλλοι συγγραφείς: Wainwright, John 1967- (Επιμελητής έκδοσης), Mulligan, Mark Dr (Επιμελητής έκδοσης)
Μορφή: Βιβλίο
Γλώσσα:English
Δημοσίευση: Chichester, West Sussex, England : Wiley, c2004
Θέματα:
Ετικέτες: Προσθήκη ετικέτας
Δεν υπάρχουν, Καταχωρήστε ετικέτα πρώτοι!

MARC

LEADER 00000nam a2200000 i 4500
001 1/103363
008 090327s2004 eng d
020 |a 978-0-471-49618-2 
020 |a 0-471-49618-9 
035 |l 10104015 
040 |a GR-MY-UA  |b gre  |e aacr 
041 0 |a eng 
082 0 |a 577.072  |2 (22) 
245 1 0 |a Environmental modelling :  |b finding simplicity in complexity /  |c editors, John Wainwright and Mark Mulligan 
260 |a Chichester, West Sussex, England :   |b Wiley,   |c c2004 
300 |a xxii, 408 σ.;  |b εικ.;  |c 25 εκ. 
504 |a Περιέχει βιβλιογραφικές παραπομπές και ευρετήριο 
650 0 0 |a Environmental sciences  |x Mathematical models. 
700 1 |a Wainwright, John  |d 1967-  |4 edt 
700 1 |a Mulligan, Mark  |c Dr.  |4 edt 
852 |a INST  |b LESVOS  |e 20090327  |h 577.072 ENV  |p 005100044666  |q 005100044666  |t BK  |y 0 
901 |a BIBL1-2009-1 
909 |a Λ  |b 154299 
922 |a 1ΕΛΗ  |b 200809  |c ΕΠΕΑΕΚ2/ΤΓ  |d ΜΙΧΑΛΟΠΟΥΛΟΣ 
970 |a ΚΑΡΑ  |b ΓΙΑΣΕΜΗ  |z 2009/03/27